| 000 | 00319nam a2200109Ia 4500 | ||
|---|---|---|---|
| 008 | 230907s9999||||xx |||||||||||||| ||und|| | ||
| 082 |
_a338.90091724 _bREG |
||
| 245 | 0 | _aRegulation, markets, and poverty / | |
| 260 |
_aE. Elgar, _bCheltenham, UK ; | Northampton, MA, USA : _c2007 |
||
| 300 | _axiv, 185 p. : | ||
| 942 | _cBK | ||
| 999 |
_c599101 _d599101 |
||